export_success — 

Affekte : Analysen ästhetisch-medialer Prozesse.

Bibliographic Details
Main Author: Krause-Wahl, Antje.
Other Authors: Oehlschlägel, Heike., Wiemer, Serjoscha., Bal, Mieke.
Format: eBook
Language:German
Published: Bielefeld : transcript, 2015.
Edition:1st ed.
Series:Kultur- und Medientheorie
Subjects:
Online Access:Click to View
LEADER 02729nam a22004213i 4500
001 EBC6955678
003 MiAaPQ
005 20231204023222.0
006 m o d |
007 cr cnu||||||||
008 231204s2015 xx o ||||0 ger d
020 |a 9783839404591  |q (electronic bk.) 
020 |z 9783899424591 
035 |a (MiAaPQ)EBC6955678 
035 |a (Au-PeEL)EBL6955678 
035 |a (OCoLC)1163831433 
040 |a MiAaPQ  |b eng  |e rda  |e pn  |c MiAaPQ  |d MiAaPQ 
100 1 |a Krause-Wahl, Antje. 
245 1 0 |a Affekte :  |b Analysen ästhetisch-medialer Prozesse. 
250 |a 1st ed. 
264 1 |a Bielefeld :  |b transcript,  |c 2015. 
264 4 |c {copy}2015. 
300 |a 1 online resource (197 pages) 
336 |a text  |b txt  |2 rdacontent 
337 |a computer  |b c  |2 rdamedia 
338 |a online resource  |b cr  |2 rdacarrier 
490 1 |a Kultur- und Medientheorie 
505 0 |a Cover Affekte -- INHALT -- Einleitung: Affekt als kulturelle Kraft -- Die Kultur der Affekte: Ein historischer Abriss -- Plastisches Material und Animation - Auguste Rodin, Balzac und die symbolistische Kunstkritik -- Interesseloses Wohlgefallen als Gefühl - Zu einigen Fotografien von William Henry Fox Talbot mit ständiger Rücksicht auf lmmanuel Kant -- Sechs Zehen, drei Füße und zwei zitternde Hände des Einarmigen. Narratorische Irritationen in Klaus Hoffers Roman Bei den Bieresch -- »That's not Her Drowning, but Waving -- Video - ln Between lts Medium and Post-Medium Condition -- Zur Inszenierung von Unheimlichkeil in den Arbeiten von Jane und Louise Wilson -- Entäußerung als Schauspiel. Charles Chaplins Figur des Tramp und die Darstellung von Gefühlen in The Kid -- Affekt - Körper - Kino. Somatische Affizierung im Kino auf der Folie eines spinozistischen Immanenzplans -- Das Affektbild als Stillstand der Narration: Überlegungen zur Schlussszene von Vive l'amour- Es lebe die Liebe -- Theater im Affekt. Gegenwart bei Einar Schleef -- Editorische Nachbemerkung -- Autorinnen und Autoren -- Bildnachweis -- Register. 
588 |a Description based on publisher supplied metadata and other sources. 
590 |a Electronic reproduction. Ann Arbor, Michigan : ProQuest Ebook Central, 2023. Available via World Wide Web. Access may be limited to ProQuest Ebook Central affiliated libraries.  
655 4 |a Electronic books. 
700 1 |a Oehlschlägel, Heike. 
700 1 |a Wiemer, Serjoscha. 
700 1 |a Bal, Mieke. 
776 0 8 |i Print version:  |a Krause-Wahl, Antje  |t Affekte  |d Bielefeld : transcript,c2015  |z 9783899424591 
797 2 |a ProQuest (Firm) 
830 0 |a Kultur- und Medientheorie 
856 4 0 |u https://ebookcentral.proquest.com/lib/matrademy/detail.action?docID=6955678  |z Click to View